Panduan Undang-undang umum : (Record no. 4633)

000 -LEADER
fixed length control field nam a22 a 4500
003 - CONTROL NUMBER IDENTIFIER
control field AKMAL
005 - DATE AND TIME OF LATEST TRANSACTION
control field 20170710113638.0
008 - FIXED-LENGTH DATA ELEMENTS--GENERAL INFORMATION
fixed length control field 100717s2008 my | e l 000 0 may d
020 ## - INTERNATIONAL STANDARD BOOK NUMBER
International Standard Book Number 9678916711
Terms of availability RM37.50
040 ## - CATALOGING SOURCE
Original cataloging agency AKMAL
082 04 - DEWEY DECIMAL CLASSIFICATION NUMBER
Classification number 342.595 PAN
Edition number 22
090 00 - LOCALLY ASSIGNED LC-TYPE CALL NUMBER (OCLC); LOCAL CALL NUMBER (RLIN)
Classification number (OCLC) (R) ; Classification number, CALL (RLIN) (NR) 342.595
Local cutter number (OCLC) ; Book number/undivided call number, CALL (RLIN) PAN
110 1# - MAIN ENTRY--CORPORATE NAME
Corporate name or jurisdiction name as entry element Malaysia
9 (RLIN) 400
245 10 - TITLE STATEMENT
Title Panduan Undang-undang umum :
Remainder of title (hingga 10 Mac 2006) /
Statement of responsibility, etc. disusun oleh: Lembaga Penyelidikan Undang-Undang
260 ## - PUBLICATION, DISTRIBUTION, ETC.
Place of publication, distribution, etc. Kuala Lumpur :
Name of publisher, distributor, etc. International Law Book Services,
Date of publication, distribution, etc. 2006
300 ## - PHYSICAL DESCRIPTION
Extent 592p. ; 24cm.
Dimensions 22cm
505 0# - FORMATTED CONTENTS NOTE
Formatted contents note Mengandungi: Perlembagaan Persekutuan, Akta Kumpulan Wang Simpanan Pekerja dan Peraturan-peraturan, Undang-Undang Pencen, Peraturan-peraturan Pencen
599 ## - LOCAL NOTE
Local Note DALAM PROSES
650 10 - SUBJECT ADDED ENTRY--TOPICAL TERM
Topical term or geographic name entry element Constitutional law
Geographic subdivision Malaysia
9 (RLIN) 437
650 20 - SUBJECT ADDED ENTRY--TOPICAL TERM
Topical term or geographic name entry element Pensions
General subdivision Law and legislation
Geographic subdivision Malaysia
9 (RLIN) 438
650 20 - SUBJECT ADDED ENTRY--TOPICAL TERM
Topical term or geographic name entry element Employees' deposits
General subdivision Law and legislation
Geographic subdivision Malaysia
9 (RLIN) 439
710 2# - ADDED ENTRY--CORPORATE NAME
Corporate name or jurisdiction name as entry element Lembaga Penyelidikan Undang-Undang
9 (RLIN) 8918
710 1# - ADDED ENTRY--CORPORATE NAME
Corporate name or jurisdiction name as entry element Malaysia.
Title of a work Perlembagaan Persekutuan
9 (RLIN) 440
710 1# - ADDED ENTRY--CORPORATE NAME
Corporate name or jurisdiction name as entry element Malaysia.
Title of a work Akta Kumpulan Wang Simpanan Pekerja, 1991
9 (RLIN) 442
710 1# - ADDED ENTRY--CORPORATE NAME
Corporate name or jurisdiction name as entry element Malaysia.
Title of a work Akta Pencen, 1980
9 (RLIN) 441
710 1# - ADDED ENTRY--CORPORATE NAME
Corporate name or jurisdiction name as entry element Malaysia.
Title of a work Akta Penghitungan Semula Pencen, 1980
9 (RLIN) 448
710 1# - ADDED ENTRY--CORPORATE NAME
Corporate name or jurisdiction name as entry element Malaysia.
Title of a work Akta Kumpulan Wang Amanah Pencen, 1991
9 (RLIN) 449
942 ## - ADDED ENTRY ELEMENTS (KOHA)
Source of classification or shelving scheme
Koha item type Book

No items available.

Pusat Sumber Maklumat Dato' Haji Sarmin Md Hussin, Akademi Kastam Diraja Malaysia, Melaka
Tel: 06-2331106 | Faks: 06-2313787